The democratic ideal in france and england / (Record no. 184234)
[ view plain ]
| 000 -LEADER | |
|---|---|
| fixed length control field | 00742 a2200193 4500 |
| 003 - CONTROL NUMBER IDENTIFIER | |
| control field | Nust |
| 005 - DATE AND TIME OF LATEST TRANSACTION | |
| control field | 20221221090749.0 |
| 040 ## - CATALOGING SOURCE | |
| Transcribing agency | Nust |
| 082 ## - DEWEY DECIMAL CLASSIFICATION NUMBER | |
| Classification number | 321.8,THO |
| 100 ## - MAIN ENTRY--PERSONAL NAME | |
| Personal name | Thomson, David |
| 9 (RLIN) | 105432 |
| 245 ## - TITLE STATEMENT | |
| Title | The democratic ideal in france and england / |
| Statement of responsibility, etc. | David Thomson, |
| 250 ## - EDITION STATEMENT | |
| Edition statement | 1st ed |
| 260 ## - PUBLICATION, DISTRIBUTION, ETC. | |
| Place of publication, distribution, etc. | Cambridge University Press |
| Name of publisher, distributor, etc. | Toronto |
| Date of publication, distribution, etc. | 1944 |
| 300 ## - PHYSICAL DESCRIPTION | |
| Extent | viii, 136 p.; |
| Other physical details | illus |
| Dimensions | 24 cm |
| 505 ## - FORMATTED CONTENTS NOTE | |
| Formatted contents note | The Democratic Ideal (Page-1), Democratic Politics (Page-24), Responsibility of Ministers (Page-51), Separation of Powers (Page-79), The Rule of Law (Page-105), Economic Democracy (Page-122). |
| 600 ## - SUBJECT ADDED ENTRY--PERSONAL NAME | |
| Personal name | Thomson, David, |
| 9 (RLIN) | 105432 |
| 650 ## - SUBJECT ADDED ENTRY--TOPICAL TERM | |
| Topical term or geographic name entry element | The democratic ideal in france and england |
| 9 (RLIN) | 105433 |
| 942 ## - ADDED ENTRY ELEMENTS (KOHA) | |
| Source of classification or shelving scheme | |
| Koha item type | Book |
| Call number prefix | 321.8,THO |
| Withdrawn status | Lost status | Source of classification or shelving scheme | Damaged status | Not for loan | Permanent Location | Current Location | Shelving location | Date acquired | Full call number | Barcode | Date last seen | Price effective from | Koha item type | Public note |
|---|---|---|---|---|---|---|---|---|---|---|---|---|---|---|
| Military College of Signals (MCS) | Military College of Signals (MCS) | General Stacks | 12/12/2016 | 321.8,THO | MCS30216 | 12/08/2016 | 12/12/2016 | Book | Almirah No.49, Shelf No.5 |
